000 00827cab a2200265 4500
001 WB3410-48
008 090401t1998 xxu||||| |||| 00| 0 eng d
035 _a(Sirsi) u84785
041 _aeng
245 _aPersimmon planning appeal
260 _c1998
350 _a0
490 _aFinancial Times
_v10 March 1998, 30; 11 March 1998, 25
490 _aWestern Mail
_v`Business` 11 March 1998, 1(2)
520 _aPersimmon and Redrow are calling for the government to streamline the planning procedure on brownfield sites in order to encourage companies to build on them.
650 _aBROWNFIELD SITES
650 _aHOUSE BUILDERS
650 _aNEW HOMES
650 _aPERSIMMON
650 _aPLANNING PROCESS
650 _aREDROW
690 _aPLANNING LAW AND PRACTICE
942 _n0
948 _c11/03/1998
999 _c53314
_d53314